000 00877nam a2200229 i 4500
001 79742
003 ES-MaACL
005 20250803050540.0
007 t|
008 041022s1932 fr ||||1| fre d
100 1 _aHerodoto.
_963126
245 1 0 _aHistoires /
_cHerodote ; [texte établi et traduit par Ph.E. Legrand].
260 _aParis :
_bSocieté d'Edition "Les Belles Lettres",
_c1932 (
_eChartres :
_fDurand)
300 _a2 v. ;
_c20 cm.
490 1 _aCollection des Universités de France
505 8 _aContiene: V.I: Introduction : notice préliminaire sur la vie et la personalité d'Hérodote et sur la présente édition. -- V.II: Histoires. Livre I
650 0 7 _aHistoria antigua
_2embne
_913385
700 1 _aLegrand, Ph. E.
_971299
830 0 _aCollection des Universités de France
_9180876
852 _aES-MaACL
_jE-3229-30
999 _c79742
_d79742